000
00241nam a2200097Ia 4500
001
719335
005
20250826163041.0
008
250824s9999 xx 000 0 und d
245
0
_a
İSTANBUL HATIRASI
_c
AHMET ÜMİT
260
_b
EVEREST YAYINLARI
999
_c
719335
_d
719335